000 01029nam a22002537a 4500
005 20080915150959.0
008 080915t xxu||||| |||| 00| 0 hin d
010 _aHIN-91437
020 _c300.00
035 _aHN-63783
037 _bDBAD / PUB
040 _aDPL
_bHN
100 _aबेदी, किरण
_925136
245 _aभारतीय पुलिस /
_cकिरण बेदी
246 _aBhartiya Police
_bby Kiran Bedi
260 _aनई दिल्ली
_bवन्दना पब्लिकेशन
_c2010
270 _a1-120, कीर्ति नगर
_bनई दिल्ली
_e110051
300 _a151पृ
_c22 सेमी(सजिल्द)
500 _aसमान ISBN 9788128827587 शीर्षक Gandhi and management
650 _91169
700 _925138
942 _adpl
_cHN
_2ddc
_m363.20954बेदीकि
999 _c49654
_d49654